1179 1903 1732 1740 1880 1688 1144 1381 1882 1414 1843 1861 1997 1423 1011 1486 1654 1454 1770 1065 1412 1473 1448 1274 1264 1561 1832 1625 1730 1107 1550 1933 1983 1590 1580 1401 1408 1549 1728 1186 1512 1097 1168 1171 1771 1640 1873 1525 1960 1607 1770 1532 1882 1033 1904 1601 1967 1759 1421 1032 1209 1513 1245 1937 1152 1745 1551 1098 1356 1042 1352 1675 1341 1454 1364 1955 1159 1655 1506 1609 1133 1579 1630 1116 1811 1245 1802 1483 1353 1906 1423 1291 1328 1987 1537 1492 1950 1354 1750 BCNSPRNW ULIB Ver.6.0+V

เปลี่ยนเป็นภาษาไทย

Change to English
 แสดงรายละเอียดบรรณานุกรม
  กลับหน้าหลัก

Brief Record : Get Marc (ISO 2709) : E-mail record : QR code < ปิดหน้าต่าง
LEADER : 00000nam 2200000uu 4500
001    13399121993
003     ULIB
008    121218s2552||||th 000 0 tha d
020    ^a9789746185875
060  4 ^aWG210^bค767ด 2552
110 1  ^aโรงพยาบาลรามคำแหง
245 00 ^aดูแลหัวใจ...ด้วยใจ/^cวทัญญู ปรัชญานนท์,บรรณษธิการ
250    ^aพิมพ์ครั้งที่ 1
260    ^aกรุงเทพฯ:^bโรงพยาบาลรามคำแหง,^c2552
300    ^a120 หน้า:^bภาพประกอบสี
650  0 ^aโรคหัวใจ
700 0  ^aวทัญญู ปรัชญานนท์,^eบรรณษธิการ
945    ^p190^l0^i18149
995    ^aกัณชพร
999 ^a ใช้งานได้ทุกระบบ
รายการนี้ยังไม่มีแท็ก
คุณยังไม่ได้ล็อกอิน คุณสามารถมีกิจกรรมร่วมกับเว็บไซต์ได้ แต่ต้องล็อกอินก่อน ::
  ล็อกอิน

รายการสื่อสารสนเทศ

ลำดับที่ ประเภท เลขเรียก/บาร์โค้ด สถานที่ สถานะ
- ไม่พบข้อมูล -

รายการใกล้เคียง
    หัวเรื่อง [โรคหัวใจ]

BibComment


ยังไม่เคยถูกคอมเมนท์

คอมเมนท์ทรัพยากรรายการนี้
  คอมเมนท์: ดูแลหัวใจด้วยใจ ..


 Copyright 2026. Bcnsprnw @Library